Vista normal
Vista MARC
Entrada Materia (personas)
Número de registros utilizados en: 2
001 - CONTROL NUMBER
- control field: 91727
003 - CONTROL NUMBER IDENTIFIER
- control field: Co-BoUCM
005 - DATE AND TIME OF LATEST TRANSACTION
- control field: 20180314110341.0
008 - FIXED-LENGTH DATA ELEMENTS
- fixed length control field: 180314|| aca||aabn | a|a d
040 ## - CATALOGING SOURCE
- Original cataloging agency: Co-BoUCM
- Transcribing agency: Co-BoUCM
100 ## - HEADING--PERSONAL NAME
- Personal name: Capponi, Serafino
- Dates associated with a name: 1536-1614
670 ## - SOURCE DATA FOUND
- Source citation: Work cat.: (Co-BoUCM)167879: Tomás de Aquino Santo 1225-1274 859, Summa totius theologiae D. Thomae de Aquino ... Cum elucidationibus formalibus ... per F. Seraphinum Capponi à Porrecta ... editis ... Accesere ... Commentaria Rev. D. Thomae de Vio Caietani, 1596